Central Library OPAC University of Rajshahi

বঙ্গবন্ধুর স্মৃতিকথা / (Record no. 79103)

MARC details
000 -LEADER
fixed length control field 01020nam a2200229 a 4500
001 - CONTROL NUMBER
control field 79103
003 - CONTROL NUMBER IDENTIFIER
rucl marc code BD-RjUL
005 - DATE AND TIME OF LATEST TRANSACTION
control field 20220102165630.0
008 - FIXED-LENGTH DATA ELEMENTS--GENERAL INFORMATION
fixed length control field 220102r20191996bg ||||| |||| 00| 0 ben d
020 ## - INTERNATIONAL STANDARD BOOK NUMBER
International Standard Book Number 9789849224488
Terms of availability : Tk.400.00
035 ## - SYSTEM CONTROL NUMBER
System control number (BD-RjUL)79103
040 ## - CATALOGING SOURCE
Original cataloging agency BD-RjUL
Language of cataloging eng
Transcribing agency BD-RjUL
041 ## - LANGUAGE CODE
Language code of text/sound track or separate title ben
082 ## - DEWEY DECIMAL CLASSIFICATION NUMBER
Edition number 23
Classification number 954.9205092
Author mark and year SMR 2019
245 ## - TITLE STATEMENT
Title বঙ্গবন্ধুর স্মৃতিকথা /
Statement of responsibility, etc. সম্পাদনা আবদুল ওয়াহেদ তালুকদার
260 ## - PUBLICATION, DISTRIBUTION, ETC. (IMPRINT)
Place of publication, distribution, etc. ঢাকা :
Name of publisher, distributor, etc. কাকলী প্রকাশনী,
Date of publication, distribution, etc. ১৯৯৬ [মুর্দ্রণ ২০১৯]
300 ## - PHYSICAL DESCRIPTION
Pagination ৩৯৪ পৃষ্ঠা :
Illustrations চিত্রসমূহ; ২
Size ২২ সেমি.
600 ## - SUBJECT ADDED ENTRY--PERSONAL NAME
Personal name মুজিবুর রহমান ,
Titles and other words associated with a name শেখ,
Dates associated with a name ১৯২০-১৯৭৫
Personal name Mujibur Rahman,
Titles and other words associated with a name Sheikh,
Dates associated with a name 1920-1975
700 ## - ADDED ENTRY--PERSONAL NAME
Personal name তালুকদার, আবদুল ওয়াহেদ
942 ## - ADDED ENTRY ELEMENTS (KOHA)
Source of classification or shelving scheme Dewey Decimal Classification
Koha item type Books
Holdings
Lost status Source of classification or shelving scheme Damaged status Not for loan Collection code Permanent Location Current Location Shelving location Date acquired Source of acquisition Cost, normal purchase price Total Checkouts Full call number Date last seen Copy number Koha item type
  Dewey Decimal Classification   Not For Loan Non-fiction Central Library, University of Rajshahi Central Library, University of Rajshahi Bangabandhu Corner Section 28/11/2021 Rajshahi, News Home 300.00   B 954.9205092 SMR 2019 02/01/2022 C-1 Books
  Dewey Decimal Classification     Non-fiction Central Library, University of Rajshahi Central Library, University of Rajshahi General Stacks 28/11/2021 Rajshahi, News Home 300.00   B 954.9205092 SMR 2019 02/01/2022 C-2 Books